An enquiry into agricultural rents and the expenses of landowners in England and Wales: 1938 and 1946, conducted jointly by the Central Landowners` Association, with a report by D.K. Britton (Record no. 95097)

MARC details
000 -LEADER
fixed length control field 00625cam a2200181 4500
001 - CONTROL NUMBER
control field D2264
008 - FIXED-LENGTH DATA ELEMENTS--GENERAL INFORMATION
fixed length control field 090401t1949 xxu||||| |||| 00| 0 eng d
035 ## - SYSTEM CONTROL NUMBER
System control number (Sirsi) u68374
041 ## - LANGUAGE CODE
Language code of text/sound track or separate title eng
050 ## - LIBRARY OF CONGRESS CALL NUMBER
Classification number 333.335
110 ## - MAIN ENTRY--CORPORATE NAME
Corporate name or jurisdiction name as entry element Central Landowners Association
245 #3 - TITLE STATEMENT
Title An enquiry into agricultural rents and the expenses of landowners in England and Wales: 1938 and 1946, conducted jointly by the Central Landowners` Association, with a report by D.K. Britton
260 ## - PUBLICATION, DISTRIBUTION, ETC.
Place of publication, distribution, etc. London
Name of publisher, distributor, etc. Central Landowners` Association
Date of publication, distribution, etc. 1949
300 ## - PHYSICAL DESCRIPTION
Extent 58p. figs. tables. bib. 22cm
350 ## - PRICE (NR) (BK AM CF MU VM SE) [OBSOLETE]
Price 0
942 ## - ADDED ENTRY ELEMENTS (KOHA)
Suppress in OPAC 0
948 ## - LOCAL PROCESSING INFORMATION (OCLC); SERIES PART DESIGNATOR (RLIN)
c (OCLC) 04/03/1997
Holdings
Withdrawn status Lost status Source of classification or shelving scheme Damaged status Not for loan Home library Current library Shelving location Date acquired Total Checkouts Full call number Barcode Date last seen Copy number Price effective from Koha item type
    Dewey Decimal Classification     London London Basement 14/09/1999   SHELF 327 (PAMPHLET) 30001787 06/08/2019 1 06/08/2019 Reference material